01340 2200265 4500001002100000005001500021035002000036007000300056008004100059020001800100082001800118084002400136100003200160245007800192250001400270300004100284700002600325505057300351600001600924264003400940336003100974337003001005338002301035990001601058INLIS00000000000008220210204101203 a0010-0121000077ta210204 b 1 ind  a9786022523789 a200-207-010-0 a200-207-010-0 YAY m0 aYayat Sri HayatiePengarang1 aMemerangi Kemaksiatan Yang Merajalela :bNabi Luth AS /cYayat Sri Hayati aCetakan I ai, 66 Halaman :bAgama ;c28 x 21 cm0 aTim DivaroePengarang aNabi Luth AS diutus oleh Allah SWT untuk berdakwah kepada masyarakat Sadum. Sebab perilaku mereka sudah sangat rusak dan kelewat batas. Kemaksiatan jadi kebiasaan mereka. Kemaksiatan paling parah yang mereka lakukan adalah pergaulan bebas sesama jenis antara laki-laki dengan laki-laki dan perempuan dengan perempuan. Sayang, mereka tidak mendengarkan dakwah Nabi Luth AS. Sehingga Allah SWT menimpakan azab yang sangat pedih kepada mereka. Bagaimana kisah selengkapnya? Silahkan kalian simak kisah Nabi Luth AS dalam memerangi kemaksiatan yang merajalela di buku ini. 4aCerita Anak aYogyakarta :bErlangga,c2014 aTeks Bergambar2rdacontent aTanpa Perantara2rdamedia aVolume2rdacarrier a00000000382